USA:s delstater på kartan - Statistics

General Stats
  • This quiz has been taken 382 times
  • The average score is 23 of 50
Answers on the Map
Answers color-coded by a green-red scale on the quiz's map according to % correct below.
 
Answer Stats
Answer % Correct
Texas
82%
Alaska
80%
Havaiji
79%
Kalifornien
79%
Florida
77%
Washington
74%
New Mexico
63%
Oregon
60%
Alabama
55%
Arizona
54%
New York
54%
Tennessee
53%
Georgia
52%
North Carolina
52%
Louisiana
51%
South Carolina
50%
West Virginia
49%
Maine
48%
Michigan
47%
Virginia
47%
Mississippi
46%
Pennsylvania
45%
Kentucky
43%
New Jersey
42%
South Dakota
42%
North Dakota
41%
Nevada
40%
Ohio
40%
Maryland
39%
Rhode Island
39%
Vermont
39%
Illinois
38%
Minnesota
38%
Connecticut
37%
Montana
37%
Indiana
36%
Delaware
35%
Idaho
35%
Massachusetts
35%
New Hampshire
33%
Utah
33%
Wisconsin
32%
Colorado
30%
Wyoming
30%
Kansas
28%
Oklahoma
28%
Nebraska
26%
Arkansas
23%
Iowa
23%
Missouri
23%
No matching quizzes found
Score Distribution
Percent of People with Each Score
Percentile by Number Answered
Your Score History
You have not taken this quiz